000 01178cam a22002891i 4500
003 SA-RiAUC
005 20250709053918.0
008 250708s1984 ua f b 000 0 ara c
020 _a977100106X
040 _aJO-IrYU
_bara
_cSA-RiAUC
_erda
043 _aa-su---
050 4 _b.A92 1984
082 0 4 _a347.53101
_qSA-RiAUC
090 _a347.53101
_bا ب و ط
100 1 _aأبو طالب، حامد محمد،
_d1941-
_eمؤلف.
245 1 2 _aالنظام القضائي في المملكة العربية السعودية :
_bيشتمل على تاريخ القضاء في المملكة ومبادئه وأشخاصه وجهاته /
_cحامد محمد أبو طالب.
264 1 _aالقاهرة :
_bدار الفكر العربي،
_c1984
300 _a140 صفحة ؛
_c24 سم
336 _aنص
_btxt
_2rdacontent
_3كتاب
337 _aبدون وسيط
_bn
_2rdamedia
338 _aمجلد
_bnc
_2rdacarrier
504 _aببليوجرافية : صفحة 131-133.
650 7 _aالقضاء
_zالسعودية
_2aucsh
650 7 _aالمحاكم
_zالسعودية
_2aucsh
942 _2ddc
_cBOOK
_n0
949 _aSA-JeALM
_d250708
_umohamedma123
_n1
999 _c9616
_d9616